000 00322nam a2200109Ia 4500
008 171204s9999 xx 000 0 und d
245 _aChoosing China's Leaders:
245 _cChien-wen Kou and Xiaowei Zang
260 _c2013
650 _xPolitics and Sociology
856 _uhttp://down.ebook777.com/063/9780415819473.pdf
999 _c345594
_d345594